Beliebteste Vornamen in Deutschland (Jungen) - Statistiken

Allgemein
  • Dieses Quiz wurde 1.898 mal gespielt
  • Das Durchschnittsergebnis liegt bei 11 aus 25
Antwortstatistiken
Platz Name % Korrekt
25 Leo
74%
16 Max
74%
13 Luca
70%
1 Ben
68%
3 Leon
64%
4 Paul
64%
10 Lukas
61%
2 Jonas
51%
24 Alexander
46%
6 Noah
43%
5 Felix
42%
8 Finn
42%
9 Elias
36%
14 Emil
36%
11 Maximilian
36%
19 Julian
35%
21 Moritz
33%
22 David
32%
17 Anton
28%
18 Jakob
27%
7 Louis
25%
23 Theo
25%
12 Henri
24%
20 Liam
19%
15 Oscar
12%
Keine übereinstimmenden Quizze gefunden
Verteilung der Resultate
Anzahl Personen mit jedem Resultat
Perzentil nach korrekt beantworteten Fragen
Ihre Resultats-Entwicklung
Sie haben dieses Quiz noch nicht gespielt